000 03920nam a2200349Ia 4500
005 20200420072922.0
008 130821s1493 it gr spa
040 _aCo-BoUCM
_bspa
_cSandra Yazo (modificó)
_dSandra Yazo (modificó)
041 0 _aspa
082 0 4 _a252.6
_220
092 _aE22N025
100 1 _aFranciscus de Mayronis
_dca. 1285-ca. 1328.
_937636
242 0 0 _aAquí empiezan felizmente los sermones dominicales y en alabanza de los santos, para todo el año. Con temas útiles para los que ejercen el oficio de predicar
_cPor el clarísimo e iluminado doctor y Maestro Francisco de Mayronis, de la Orden de Frailes Menores
_yspa
245 1 1 _a[Sermones de laudibus sanctorum et dominicales per totum annum cum aliquibus tractatibus utilimis pro predicandi officio
_cper clarissimi sacre teologie doctoris illuminati magistri Francisci d'Mayronis ordinis minorum, feliciter incipiunt]
260 _aVenecia (Italia)
_bPelegrinum de Pasqualibus [Peregrino de Pasquale]
_c1493
300 _a[10], 241fol [e i 210-218]
500 _aDetalles físicos: Encuadernación en pergamino, notorios residuos de pegante en el lomo. Ejemplar desencuadernado, faltan primeras páginas incluyendo la portada. Guardas desprendidas. Varias anotaciones. Fol.1 con impresión a dos tintas. Impresión en dos columnas, en letra gótica muy densa. Apostillas e índices al margen, faltan letras capitales. Márgenes amplios. Colofón. En el último folio (V) grabado en xilografía (iniciales del impresor). Con Signaturas. Registro. El texto está completo. Varios errores en la impresión de la numeración. Algunas hojas empiezan a desprenderse. Subrayados, comentarios y glosas al margen (fol. 120 V y 121; 123). Primeras hojas, con notable deterioro en los bordes con dobleces. Al reverso de la tapa delantera, sobre la piel anotación: "Es de la librería de San Francisco de Santafé. Fray Juan de Palacios".Otra anotación: "Este libro llamado Mairones es del convento de...". En la guarda delantera, varias anotaciones: "...Convento de San Francisco es este libro intitulado Mayrones de Sanctis". "...es de la librería...". Otra anotación: escrito a mano se lee: "Sermones Francisci de Mairones de Sanctis" y "De la librería de San Francisco de Santa Fe". Perteneció a la biblioteca de Rafael María Carrasquilla
500 _aIncunable
500 _aTítulo tomado del Fol.1 y datos de publicación del colofón. Donación del S. Rector Mons. R.M. Carrasquilla (Según el Catálogo del Archivo Histórico / ficha bibliográfica).
505 0 _aSermones para todo el año: Fiestas de los Santos con material de ayuda para los predicadores. ; Sermones en alabanza del Nacimiento de Jesús. ; Sermón en la fiesta de San Esteban. ; Sermones para la fiesta de la Circuncisión y la Epifanía del Señor. ; Sermón para la fiesta de Santa Inés. ; Sermón para la fiesta de los mártires Vicente y Anastasio -- Tratados: Guías para predicación Sobre el Padre Nuestro. ; Sobre la penitencia. ; Tratado sobre el ayuno. ; Tratado sobre los artículos de la fe. ; Exposición sobre el Magnificat. ; Tratado Sobre el cuerpo de Cristo. ; Tratado sobre los siete dones del Espíritu Santo. ; Tratado sobre el Juicio Final.
506 _aConsulta en sala.
610 7 _aIglesia Católica
_xSermones
_xObras anteriores a 1500
_97705
650 7 _aAño eclesiástico
_xObras anteriores a 1500
_99212
650 7 _aEscolasticismo
_xObras anteriores a 1500
_914772
650 7 _aIglesias
_917149
650 7 _aOratoria sagrada
_xObras anteriores a 1500
_920808
650 7 _aSermones de festividades religiosas
_xObras anteriores a 1500
_924240
650 7 _aSermones para el año eclesiástico
_xObras anteriores a 1500
_924248
700 1 _aPasquale, Peregrino de
_937637
856 4 _uhttp://repository.urosario.edu.co/handle/10336/12096
_zDisponible en línea
942 _cLIBRO
_a4
_e1
_2LOCAL
_hE22N025
999 _c38542
_d38542